Name That Premier League Player - Statistics

General Stats
  • This quiz has been taken 16 times
  • The average score is 15 of 20
Answer Stats
Picture Answer % Correct
Cristian Romero
100%
Jack Grealish
93%
Amad Diallo
87%
Chris Wood
87%
Dominic Calvert-Lewin
87%
Dominik Szoboszlai
87%
Estêvão
87%
Granit Xhaka
87%
Kieran Trippier
87%
Tomáš Souček
87%
Justin Kluivert
80%
Igor Thiago
73%
Kaoru Mitoma
73%
Matheus Nunes
73%
Harry Wilson
67%
Piero Hincapié
67%
Ezri Konsa
60%
Chris Richards
53%
Hwang Hee-Chan
53%
Jaidon Anthony
33%
No matching quizzes found
Score Distribution
Percent of People with Each Score
Percentile by Number Answered
Your Score History
You have not taken this quiz